|
|
|
|
| LEADER |
00000nam a2200000Ii 4500 |
| 001 |
DIGBN02961 |
| 003 |
NyNyDIG |
| 006 |
m o d |
| 007 |
cr ||||||||||| |
| 008 |
100625s2008 sp a o 000 0 spa d |
| 020 |
|
|
|z 8497428315
|
| 020 |
|
|
|z 9788497428316
|
| 035 |
|
|
|a (OCoLC)991942752
|
| 040 |
|
|
|a DGITA
|b eng
|e pn
|c DGITA
|
| 050 |
1 |
4 |
|a D117 eBook
|
| 100 |
1 |
|
|a Torres, Mauro.
|
| 245 |
1 |
0 |
|a Elogio y lamento por la especie humana :
|b el colapso mundial de la historia masculina /
|c Mauricio Torres.
|
| 264 |
|
1 |
|a Madrid :
|b Biblioteca Nueva,
|c 2008.
|
| 300 |
|
|
|a 1 online resource (288 pages)
|
| 336 |
|
|
|a text
|b txt
|2 rdacontent
|
| 337 |
|
|
|a computer
|b c
|2 rdamedia
|
| 338 |
|
|
|a online resource
|b cr
|2 rdacarrier
|
| 490 |
1 |
|
|a Libros singulares
|
| 505 |
0 |
|
|a El misterio de los orígenes de la vida y su culminación en la humanidad Parte 1. Elogio de la especie humana - I. La vida -- II. La naturaleza crea al homínido primatoide y la evolución explica su desarrollo -- III. La Humanidad no desciende del mono -- IV. El genio creador de la especie humana - Parte 2. Lamento por la especie humana: V. ¡La guerra! La Humanidad es un enorme cuerpo mestizo enfermo. Maquiavelo es el filósofo de la historia masculina guerrera -- VI. El espectro del neandertal -- VII. La ruptura histórica de la unidad de la Humanidad -- VIII. La Historia masculina masifica a la especie humana. Psicopatología de las masas permanentes -- IX. Psicología de las masas transitorias -- X. El alcohol mutagénico débil destapa la caja de Pandora del mal Parte 3. La utopía de la historia masculina frente a la historia universal -- Bibliografía
|
| 650 |
|
0 |
|a Humanism.
|
| 655 |
|
0 |
|a Electronic books.
|
| 791 |
2 |
|
|a Digitalia (Firm),
|e distributor.
|
| 830 |
|
0 |
|a Libros singulares (Biblioteca Nueva (Firm)).
|
| 793 |
0 |
|
|g Digitalia eBook Collection:
|a Biblioteca Nueva
|
| 856 |
4 |
0 |
|3 Digitalia Hispánica
|u https://www.digitaliapublishing.com/a/6285/
|
| 910 |
|
|
|a Premium Collection: 2007-2012
|